[Event "5.Copenhagen Open IM Politiken Cup"]
[Site "Hvidovre"]
[Date "1983.??.??"]
[Round "8"]
[White "Welin, Thomas"]
[Black "Tompa, Janos"]
[Result "1/2-1/2"]
[WhiteElo "2330"]
[BlackElo "2420"]
[PlyCount "58"]
[EventDate "1983.??.??"]
[EventType "swiss"]
[EventRounds "9"]
[EventCountry "DEN"]
[SourceDate "2004.01.01"]

1. Nf3 Nf6 2. c4 b6 3. g3 Bb7 4. Bg2 c5 5. O-O g6 6. Nc3 Bg7 7. d4 cxd4 8. Nxd4
Bxg2 9. Kxg2 Qc8 10. b3 Qb7+ 11. f3 O-O 12. e4 d6 13. Be3 Nbd7 14. Rc1 Rfe8 15.
Qd2 a6 16. Rfd1 Rac8 17. Nc2 b5 18. cxb5 axb5 19. Nb4 Nc5 20. Ncd5 Nfxe4 21.
fxe4 e6 22. Bxc5 dxc5 23. Nd3 exd5 24. Nxc5 Qe7 25. exd5 Bh6 26. Qxh6 Qe2+ 27.
Kg1 Rxc5 28. Rf1 Rxd5 29. Qf4 Rf5 1/2-1/2